书目信息 |
| 题名: |
诗情画意
|
|
| 作者: | 李培裕 著 | |
| 分册: | ||
| 出版信息: | 北京 人民出版社 2015 |
|
| 页数: | 280页 | |
| 开本: | 24cm | |
| 丛书名: | ||
| 单 册: | ||
| 中图分类: | I207.227.2 , J212.052 , I207.227 | |
| 科图分类: | ||
| 主题词: | 古典诗歌--诗词研究--中国 , 花鸟画--中国画--研究 | |
| 电子资源: | ||
| ISBN: | 978-7-01-015180-9 | |
| 000 | 01344nam0 2200289 450 | |
| 001 | 3876 | |
| 005 | 20180527201817.27 | |
| 010 | @a978-7-01-015180-9@dCNY48.00 | |
| 100 | @a20180513d2015 em y0chiy50 ea | |
| 101 | 0 | @achi |
| 102 | @aCN@b110000 | |
| 105 | @aa az 000yy | |
| 200 | 1 | @a诗情画意@9shi qing hua yi@e中国古典诗词意蕴与花鸟画意境的契合@f李培裕著 |
| 210 | @a北京@c人民出版社@d2015 | |
| 215 | @a280页@c图@d24cm | |
| 314 | @a李培裕 (1972-),女,华北水利水电大学建筑学院副教授。现为天津大学建筑学院工笔重彩研究所在读博士。2004年国画作品《凝思》获得“河南省第十届美展”金奖并入选全国第十届美展。 | |
| 320 | @a有书目(第273-277页) | |
| 330 | @a本书以中国古典诗词与花鸟画为主要研究对象,通过对中国古典诗词和花鸟画的表现形式、思维方式与艺术特征,以及对诗词与绘画相互关系的探讨,研究中国古典诗词与花鸟画艺术的意境表达方式,阐述中国古典诗词艺术和花鸟画艺术的渊源,以及古典诗词意蕴与花鸟画意境的契合过程和形式,以继承传统文化艺术血脉,提供心灵栖息之地。 | |
| 517 | 1 | @a中国古典诗词意蕴与花鸟画意境的契合@9zhong guo gu dian shi ci yi yun yu hua niao hua yi jing de qi he |
| 606 | 0 | @a古典诗歌@x诗词研究@y中国 |
| 606 | 0 | @a花鸟画@x中国画@x研究 |
| 690 | @aI207.227.2@v5 | |
| 690 | @aJ212.052@v5 | |
| 690 | @aI207.227@v4 | |
| 701 | 0 | @a李培裕@9li pei yu@f(1972-)@4著 |
| 801 | 0 | @aCN@b91MARC@c20180513 |
| 905 | @aMuseLib@dI207.227@e1094 | |
| 诗情画意:中国古典诗词意蕴与花鸟画意境的契合/李培裕著.-北京:人民出版社,2015 |
| 280页:图;24cm |
| ISBN 978-7-01-015180-9:CNY48.00 |
| 本书以中国古典诗词与花鸟画为主要研究对象,通过对中国古典诗词和花鸟画的表现形式、思维方式与艺术特征,以及对诗词与绘画相互关系的探讨,研究中国古典诗词与花鸟画艺术的意境表达方式,阐述中国古典诗词艺术和花鸟画艺术的渊源,以及古典诗词意蕴与花鸟画意境的契合过程和形式,以继承传统文化艺术血脉,提供心灵栖息之地。 |
| ● |
| 相关链接 |
|
|
|
|
正题名:诗情画意
索取号:I207.227/1094
 
预约/预借
| 序号 | 登录号 | 条形码 | 馆藏地/架位号 | 状态 | 备注 |
| 1 | 1110982 | 211109824 | 第一样本阅览室/ [索取号:I207.227/1094] | 在馆 | |
| 2 | 1110983 | 211109833 | 教育系资料室/ [索取号:I207.227/1094] | 在馆 | |
| 3 | 1110984 | 211109842 | 教育系资料室/ [索取号:I207.227/1094] | 在馆 | |
| 4 | 1110985 | 211109851 | 第二借阅区/ [索取号:I207.227/1094] | 在馆 |